000 00557nam a22001697a 4500
003 OSt
005 20160824104050.0
008 160824b xxu||||| |||| 00| 0 eng d
020 _a 0030983665
040 _cNA
050 _aHF5415.2
_b.C5 1995
100 _aGilbert A. Churchill
245 _aMarketing Research
_bMethodological Foundations
250 _a6TH ED
260 _aNew York
_bElizabeth Widdicombe
_c1995
942 _2lcc
_cBK
999 _c255087
_d255086